000 00329 a2200157 4500
001 69216
020 _a8530503163
040 _cAnchieta - Itaigara
100 _aBandeira, Pedro
240 1 0 _aHobin hood
_lpor
245 1 0 _aHobin hood
300 _a47
362 0 _a2003
650 4 _aLiteratura infanto-juvenil
942 _cBK
999 _c69216
_d69216